000 00650nam a2200205 i 4500
001 100253
003 ES-MaACL
005 20250331063055.0
007 t|
008 050923s1973 sp ||||1| spa d
100 1 _aMarx, Karl,
_d1818-1883
_978590
245 1 3 _aEl Capital
_b: libro I, capítulo VI inédito /
_cKarl Marx; presentación de José Aricó; traducción y notas de Pedro Scarón.
250 _a[3ª ed.].
260 _aMadrid :
_bSiglo Veintiuno,
_c1973.
300 _a176 p. ;
_c21 cm.
700 1 _aAricó, José.
_922814
700 1 _aScarón, Pedro.
_9104150
852 _aES-MaACL
_jC-52995
_bR.86344
999 _c100253
_d100253